Catálogo público

Efecto residual de cobre en tejidos y excretas de pollo de engorda suplementados con sulfato de cobre y bioplex / (Record no. 165359)

MARC details
000 -CABECERA
campo de control de longitud fija 00803nam a2200253Ia 4500
001 - NÚMERO DE CONTROL
campo de control Z_2303
003 - IDENTIFICADOR DEL NÚMERO DE CONTROL
campo de control CHAP
008 - DATOS DE LONGITUD FIJA--INFORMACIÓN GENERAL
campo de control de longitud fija 220113s2007 xx 000 0 und d
010 ## - NÚMERO DE CONTROL DE LA BIBLIOTECA DEL CONGRESO
Número de control de LC 165359
040 ## - FUENTE DE LA CATALOGACIÓN
Centro/agencia transcriptor CHAP
090 ## - LOCALMENTE ASIGNADO TIPO-LC NÚMERO DE CLASIFICACIÓN (OCLC); NÚMERO DE CLASIFICACIÓN LOCAL (RLIN)
Número de clasificación (OCLC) (R) ; Numero de clasificación, CALL (RLIN) (NR) Tesis G 1452
100 ## - ENTRADA PRINCIPAL--NOMBRE DE PERSONA
Nombre de persona Gómez Camarillo, Claudia del Rocío
9 (RLIN) 49635
245 ## - MENCIÓN DE TÍTULO
Título Efecto residual de cobre en tejidos y excretas de pollo de engorda suplementados con sulfato de cobre y bioplex /
Mención de responsabilidad, etc. Claudia Rocío Gómez Camarillo y Juan Carlos Reyes Campos
260 ## - PUBLICACIÓN, DISTRIBUCIÓN, ETC.
Lugar de publicación, distribución, etc. Chapingo, Méx. :
Nombre del editor, distribuidor, etc. El autor,
Fecha de publicación, distribución, etc. 2007
300 ## - DESCRIPCIÓN FÍSICA
Extensión 56 h.
502 ## - NOTA DE TESIS
Nota de tesis Tesis (Ing. Agr. Esp. en Zootecnia) -- UACH. Departamento de Zootecnia
700 ## - PUNTO DE ACCESO ADICIONAL--NOMBRE DE PERSONA
Nombre de persona Reyes Campos, Juan Carlos
9 (RLIN) 96761
901 ## - ELEMENTOS DE DATOS A LOCAL LDA (RLIN)
a TESIS G 1452
902 ## - ELEMENTOS DE DATOS B LOCAL, LDB (RLIN)
a M
910 ## - DATOS DE OPCIÓN DEL USUARIO (OCLC)
Datos de opción del usuario 2007
942 ## - ELEMENTOS DE PUNTO DE ACCESO ADICIONAL (KOHA)
Tipo de ítem Koha Tesis_
942 ## - ELEMENTOS DE PUNTO DE ACCESO ADICIONAL (KOHA)
Tipo de ítem Koha Tesis_
Holdings
Estado de retiro Estado de pérdida Estado dañado No para préstamo Localización permanente Ubicación/localización actual Ubicación en estantería Fecha de adquisición Información codificada de la localización en otra ubicación Total de préstamos Código de barras Fecha visto por última vez Número de copia Precio válido a partir de Tipo de ítem Koha Nota pública
        Zootecnia Zootecnia   09/11/2005 2   z_T 2175 18/01/2022 1 18/01/2022 Tesis_ 3
        Zootecnia Zootecnia   09/11/2005 2   z_T 2176 18/01/2022 2 18/01/2022 Tesis_ 3